Gedicht - Der Panther - Im Jardin des Plantes, Paris (Rilke) - Statistiken

Allgemein
  • Dieses Quiz wurde 17 mal gespielt
  • Das Durchschnittsergebnis liegt bei 63 aus 85
Antwortstatistiken
Antwort % Korrekt
der
100%
Der
100%
der
100%
der
100%
der
100%
der
100%
der
100%
es
100%
ist
100%
ist
100%
ist
100%
und
100%
und
100%
ein
91%
ein
91%
ein
91%
eine
91%
er
91%
Sein
91%
sein.
91%
Stäbe
91%
Stäbe
91%
zu
91%
als
82%
Blick
82%
dass
82%
gäbe
82%
hält.
82%
im
82%
im
82%
in
82%
keine
82%
mehr
82%
müd
82%
ob
82%
so
82%
tausend
82%
tausend
82%
Welt.
82%
wie
82%
auf-.
73%
auf
73%
geht
73%
geht
73%
hinter
73%
hört
73%
Ihm
73%
nichts
73%
Pupille
73%
sich
73%
sich
73%
Stäben
73%
vom
73%
dreht,
64%
Gang
64%
geworden
64%
Herzen
64%
Kreise
64%
manchmal
64%
Mitte,
64%
Nur
64%
steht.
64%
um
64%
Vorhang
64%
Vorübergehn
64%
Wille
64%
Dann
55%
geschmeidig
55%
hinein,
55%
schiebt
55%
Schritte,
55%
starker
55%
Stille -
55%
von
55%
betäubt
45%
Bild
45%
durch
45%
großer
45%
Kraft
45%
Tanz
45%
allerkleinsten
36%
angespannte
36%
Glieder
36%
lautlos
36%
weiche
36%
Keine übereinstimmenden Quizze gefunden
Verteilung der Resultate
Anzahl Personen mit jedem Resultat
Perzentil nach korrekt beantworteten Fragen
Ihre Resultats-Entwicklung
Sie haben dieses Quiz noch nicht gespielt